| 000 | nam a22 a 4500 | ||
|---|---|---|---|
| 999 |
_c550 _d550 |
||
| 003 | AKMAL | ||
| 005 | 20170504111017.0 | ||
| 008 | 170504s1996 MY e bi |01 0 eng d | ||
| 020 |
_a055384007X (pbk.): _cRM26.90 |
||
| 040 | _aAKMAL | ||
| 082 | 0 | 4 |
_a155.2 GOL _221 |
| 090 | 2 | 0 |
_a155.2 _bGOL |
| 100 | 1 |
_aGoleman, Daniel _91221 |
|
| 245 | 1 | 0 |
_aEmotional intelligence / _cDaniel Goleman |
| 260 |
_aNew York : _bBantam Books, _c1996 |
||
| 300 |
_aviii, 413p. ; _c17cm. |
||
| 504 | _aIncludes bibliographical references and index | ||
| 650 | 1 | 0 |
_aEmotions _91225 |
| 650 | 2 | 0 |
_aEmotions and cognition _91038 |
| 650 | 2 | 0 |
_aEmotions _xSocial aspects _91039 |
| 650 | 2 | 0 |
_aCognition _91102 |
| 942 |
_2ddc _cBOOK |
||